| 000 | 00571nam a2200157Ia 4500 | ||
|---|---|---|---|
| 008 | 100204s9999 xx 000 0 und d | ||
| 082 | _b18498 | ||
| 100 | _aओशो | ||
| 245 | _aआलं ज्ञानाचं तुफान | ||
| 260 |
_b"जीवन जागृती केंद्र्र प्रकाशन, पुणे" _c1994 2 |
||
| 300 | _a290 | ||
| 630 | _aआलं ज्ञानाचं तुफान | ||
| 700 | _aवंदना आनंद | ||
| 730 | _aआलं ज्ञानाचं तुफान | ||
| 942 | _cBOOK | ||
| 999 |
_c462921 _d462918 |
||